000 00738nam a22002177a 4500
003 BUBTL
008 221214b ||||| |||| 00| 0 eng d
020 _a9780307419354
082 _a821.7/ K224c/ 2001
100 _95070
_aKeats, John
245 _aComplete Poems and Selected Letters of John Keats/
_cJohn Keats, Edward Hirsch
250 _a1st Edn
260 _aNew York:
_bThe Modern Library,
_cc2001
300 _axxxviii, 598 p.:
_c22 cm.
505 _aJohn Keats, Edward Hirsch, Complete Poems and Selected Letters of John Keats, English, English Literature
650 0 _91994
_aEnglish Literature
700 _95072
_aHirsch, Edward
856 _k0
_l0
_yDownload
942 _2ddc
_cBK
999 _c6872
_d6872